Loading...
Fine Arts - Classical Music | 3 | 10.00 | 67% | 33% | 0% |
Fine Arts - Other Fine Arts | 3 | 3.33 | 33% | 0% | 0% |
Fine Arts - Painting & Sculpture | 4 | 10.00 | 75% | 25% | 0% |
History - American History | 3 | 6.67 | 67% | 0% | 0% |
History - European History | 3 | 10.00 | 100% | 0% | 0% |
History - Other History | 5 | 10.00 | 80% | 20% | 0% |
History - World History | 5 | 10.00 | 100% | 0% | 0% |
Literature - American Literature | 3 | 6.67 | 67% | 0% | 0% |
Literature - British Literature | 4 | 12.50 | 100% | 25% | 0% |
Literature - European Literature | 4 | 5.00 | 25% | 25% | 0% |
Literature - World Literature | 1 | 10.00 | 100% | 0% | 0% |
Mythology | 2 | 15.00 | 100% | 50% | 0% |
Other | 4 | 12.50 | 100% | 25% | 0% |
Philosophy | 2 | 5.00 | 50% | 0% | 0% |
Religion | 2 | 5.00 | 50% | 0% | 0% |
Science - Biology | 2 | 15.00 | 100% | 50% | 0% |
Science - Chemistry | 2 | 5.00 | 50% | 0% | 0% |
Science - Other Science | 4 | 10.00 | 100% | 0% | 0% |
Science - Physics | 1 | 10.00 | 100% | 0% | 0% |
Social Science | 5 | 14.00 | 100% | 20% | 20% |